<?xml version="1.0" encoding="UTF-8"?>
<collection xmlns:xsi="http://www.w3.org/2001/XMLSchema-instance" xsi:schemaLocation="http://www.loc.gov/MARC21/slim http://www.loc.gov/standards/marcxml/schema/MARC21slim.xsd" xmlns="http://www.loc.gov/MARC21/slim">
 <record>
  <leader>00000cab a22000004cb4500</leader>
  <controlfield tag="001">IPP-00000186071</controlfield>
  <controlfield tag="003">IPP</controlfield>
  <controlfield tag="005">20160909083125.0</controlfield>
  <controlfield tag="008">160909s2015    xx     d | ||r |||||eng||</controlfield>
  <datafield tag="041" ind1="#" ind2="#">
   <subfield code="a">eng</subfield>
  </datafield>
  <datafield tag="100" ind1="1" ind2="#">
   <subfield code="a">Gillado, Armida V.</subfield>
  </datafield>
  <datafield tag="245" ind1="1" ind2="0">
   <subfield code="a">Fabrication and characterization of free-standing polyaniline-polyvinyl acetate films</subfield>
  </datafield>
  <datafield tag="264" ind1="#" ind2="1">
   <subfield code="c">2015</subfield>
  </datafield>
  <datafield tag="300" ind1="#" ind2="#">
   <subfield code="b">Illustrations</subfield>
  </datafield>
  <datafield tag="520" ind1="#" ind2="#">
   <subfield code="a">PAni doped with HCIO4 was synthesized and mixed to PVA in different wt% ratio: 5:95, 25:75, 50:50 and 75:25. The polymer blends were then pressed between hot rollers of calendaring machine to yield PAni-PVA films. FTIR spectroscopy of the films shows the presence of characteristic peaks of both PAni-PVA. The PAni-PVA film of 50:50 wt% ratio gives the highest elastic modulus which may be due to the strong PAni-PVA particles interaction. Lastly, the electrical conductivity increases exponentially with increasing concentration of PAni. This suggests possible tunneling-assisted conduction.</subfield>
  </datafield>
  <datafield tag="650" ind1="1" ind2="0">
   <subfield code="a">Conducting polymers</subfield>
  </datafield>
  <datafield tag="650" ind1="2" ind2="0">
   <subfield code="a">Organometallic polymers</subfield>
  </datafield>
  <datafield tag="700" ind1="1" ind2="#">
   <subfield code="a">Abad, Hannah Rissah E. Forio</subfield>
  </datafield>
  <datafield tag="700" ind1="1" ind2="#">
   <subfield code="a">Tapia, Alvin Karlo G.</subfield>
  </datafield>
  <datafield tag="773" ind1="0" ind2="#">
   <subfield code="t">UP Los Baños Journal</subfield>
   <subfield code="g">Vol. XIII (Jan. 2015 - Dec. 2015), 57-66</subfield>
  </datafield>
  <datafield tag="942" ind1="#" ind2="#">
   <subfield code="a">Article</subfield>
  </datafield>
  <datafield tag="950" ind1="#" ind2="#">
   <subfield code="a">FI</subfield>
  </datafield>
 </record>
</collection>
